Adlai Stevenson and American politics : the odyssey of a Cold War liberal /

Bibliographic Details
Main Author: Broadwater, Jeff
Format: Book
Language:English
Published: New York : Twayne, 1994.
Series:Twayne's twentieth-century American biography series.
Subjects:

MARC

Tag First Indicator Second Indicator Subfields
LEADER 00000cam a2200000 a 4500
001 in00001181663
005 20151002050641.0
008 931116s1994 nyu b 001 0beng
010 |a  93043000  
020 |z 0805779989 
020 |a 0805777997 (pbk.) 
035 |a (OCoLC)29427947 
035 |9 AGG9269AM 
040 |a DLC  |c DLC  |d PNX  |d TXA  |d UtOrBLW 
043 |a n-us--- 
049 |a TXAM 
050 0 0 |a E748.S84  |b B65 1994 
082 0 0 |a 973.921/092  |a B  |2 20 
100 1 |a Broadwater, Jeff. 
245 1 0 |a Adlai Stevenson and American politics :  |b the odyssey of a Cold War liberal /  |c Jeff Broadwater. 
264 1 |a New York :  |b Twayne,  |c 1994. 
300 |a xvi, 291 pages :  |b illustrations ;  |c 25 cm. 
336 |a text  |b txt  |2 rdacontent 
337 |a unmediated  |b n  |2 rdamedia 
338 |a volume  |b nc  |2 rdacarrier 
490 1 |a Twayne's twentieth-century American biography series 
504 |a Includes bibliographical references and index. 
600 1 0 |a Stevenson, Adlai E.  |q (Adlai Ewing),  |d 1900-1965. 
650 0 |a Statesmen  |z United States  |v Biography. 
651 0 |a United States  |x Politics and government  |y 1945-1989. 
830 0 |a Twayne's twentieth-century American biography series. 
999 |a MARS 
999 f f |s 8fd1c84b-eeda-31fc-964b-a0b64348d6f3  |i fc402b5f-4a2a-38bc-8b8c-b7212793f7f4  |t 0 
952 f f |p ric  |a Texas A&M University  |b Rellis Campus  |c Joint Library Facility  |d Remote Storage  |t 0  |e E748.S84 B65 1994  |h Library of Congress classification  |i unmediated -- volume  |m A14818248211 
998 f f |a E748.S84 B65 1994  |t 0  |l Remote Storage